000 00567nam a2200217 a 4500
001 0001-2193
003 ELIB.Books
008 190802 2010 eng
020 _aKBTS
092 _a241
_bCol
100 _aCole, William Graham.
245 _aSex in Christianity and Psychoanalysis
260 _aNew York
_bOxford University Press
_c1955
300 _a329
_c21cm
650 _aMoral Theology
856 _nKBTS Library
_uKBTS Elib
942 _2ddc
_cBK
990 _a1
998 _aEnglishbooks.elf
_ccat
_e2019-08-02
999 _c12193
_d12193